00258nam a22000737a 4500008004100000010001700041245011700058260000900175110707t xxu||||| |||| 00| 0 eng d aC DOC F-140 aCharge: Judith Engwedu F/A aged 37yrs old Mukiga by tribe, Business woman, resident of Mityana Police Barracks. c1999